|
|
|
|
| LEADER |
00000nam a2200000 a 4500 |
| 001 |
vtls001257586 |
| 003 |
SK-MaSNL |
| 005 |
20260301225418.0 |
| 008 |
250414s1990 xo 0 slo |
| 020 |
|
|
|a 8070930438
|
| 035 |
|
|
|a SNK000208423
|
| 040 |
|
|
|a SNK
|b slo
|c SNK
|e AACR2
|
| 041 |
0 |
|
|a slo
|
| 044 |
|
|
|a xo
|c SK
|
| 080 |
|
|
|a 786.2.087.5
|2 1981
|
| 100 |
1 |
|
|a Böhmová, Z.
|4 aut
|9 527783
|
| 245 |
1 |
0 |
|a Klavírna škola pre začiatočníkov
|h Hudobnina
|c Z. Böhmová, A. Grünfeldová, A. Sarauer ; Zdenka Böhmová, Arnoštka Grünfeldová, Alois Sarauer
|
| 250 |
|
|
|a 13. vyd.
|
| 260 |
|
|
|a Bratislava
|b Opus [vyd.]
|c 1990
|e Partizánske
|f Západoslovenské tlačiarne
|
| 300 |
|
|
|a 128 s.
|c 30,5x22,5 cm
|
| 366 |
|
|
|e 10 000 výtl.
|
| 500 |
|
|
|a Hudobnina. Venovanie.
|
| 500 |
|
|
|a Obál. Vladimír Janský.
|
| 700 |
1 |
|
|a Grünfeldová, A.
|4 aut
|9 316152
|
| 700 |
1 |
|
|a Sarauer, A.
|4 aut
|9 564192
|
| 700 |
1 |
|
|a Böhmová, Zdenka
|4 aut
|9 310970
|
| 700 |
1 |
|
|a Grünfeldová, Arnoštka
|4 aut
|9 333009
|
| 700 |
1 |
|
|a SARAUER, Alois
|4 aut
|9 333010
|
| 852 |
|
|
|a Slovenská národná knižnica
|
| 919 |
|
|
|a 80-7093-043-8
|
| 924 |
|
|
|a klavír
|
| 954 |
|
|
|a inštruktívna tvorba
|a školy pre klavír
|
| 958 |
|
|
|a TL
|
| 958 |
|
|
|a OND
|
| 999 |
|
|
|c 950790
|d 952720
|
| 952 |
|
|
|a SNK
|b SNKPULT
|y VYP
|7 0
|p 17A1346442
|o snkHSB 3074 D1
|i snkKSP 956/92
|0 0
|1 0
|4 0
|d 1996-11-22
|l 1
|m 3
|q 2026-06-11
|r 2026-02-28 18:32:57
|s 2026-02-28
|w 2026-02-24
|
| 952 |
|
|
|a SNK
|b SNK
|y PREZ
|7 0
|p 17A0229319
|o snkHSB 3074
|i snkKSP 955/92
|0 0
|1 0
|4 0
|d 2000-03-03
|l 0
|r 2005-01-01 00:00:00
|w 2026-02-24
|